000 01054nam a22002417a 4500
003 UA-OsUOA
001 108380
007 ta
008 20141020b un ||||| |||| 00| 0 ukr d
090 _a82.09(091)(477)
_bІ-99
942 _cBK
040 _aUA-OsUOA
_bukr
_cUA-OsUOA
_dUA-OsUOA
245 _aІсторія української літератури
300 _a784 с.
955 _a1
041 _aukr
080 _a82.09(091)(477)
020 _a978-966-00-1299-8
520 3 _aЗмістДавня українська література (Х - перша половина XVI ст.)Література Київської Русі. Раннє та зріле Середньовіччя (Х - перша половина ХІІІ ст.)Література пізнього Середньвіччя (друга половина ХІІІ - перша половина ХVI ст.)
260 _aК.
_bНаукова думка
_c2014
650 7 _a82 Література. Літературознавство
_2UDC
999 _c394408
_d394408